LEADER 00864nam0-2200277 --450 001 9910402457303321 005 20200701144218.0 010 $a978-88-575-4555-4 100 $a20200701d2018----km y0itay50 ba 101 $aita 102 $aIT 105 $aa 001yd 200 1 $aMassoni famosi$eche in tre secoli hanno cambiato il mondo$fGiuseppe Giudice$gprefazione di Claudio Bonvecchio 210 $aMilano$aUdine$cMimesis$d2018 215 $a537 p.$cill.$d21 cm 225 1 $aMimesis. Il flauto magico$v40 610 0 $aMassoni$aSec. 19.-20.$aBiografie 676 $a366.1092$v23$zita 700 1$aGiudice,$bGiuseppe$f<1942- >$0786339 801 0$aIT$bUNINA$gREICAT$2UNIMARC 901 $aBK 912 $a9910402457303321 952 $aCollez. 26421 (40)$b1642/2020$fFSPBC 959 $aFSPBC 996 $aMassoni famosi$91750984 997 $aUNINA LEADER 01472nam 2200373 n 450 001 996383998103316 005 20221108085217.0 035 $a(CKB)1000000000581045 035 $a(EEBO)2240885783 035 $a(UnM)99852514 035 $a(EXLCZ)991000000000581045 100 $a19920504d1627 uy | 101 0 $aeng 135 $aurbn||||a|bb| 200 04$aThe life of B. Aloysius Gonzaga of the Society of Iesus$b[electronic resource] $eeldest sonne of Ferdinand Prince of the S.R. Empire, and Marques of Castilion. Written in Latin by the R. Fa. Virgilius Ceparius of the same society. And translated into English by R.S 210 $aAt Paris [i.e. Saint-Omer $cEnglish College Press]$dM.DC.XXVII. [1627] 215 $a[34], 518, [10] p 300 $aA translation, possibly by Robert Stanford, of the original Latin by Virgilius Ceparius. 300 $aEngraved title page. 300 $aImprint false; actual place of publication and printer from STC. 300 $aSome print show-through. 300 $aReproduction of the original in the British Library. 330 $aeebo-0018 700 $aCepari$b Virgilio$fca. 1563-1631.$01003865 701 $aR. S$cgent.$01003866 702 $aStanford$b Robert 801 0$bCu-RivES 801 1$bCu-RivES 801 2$bCStRLIN 801 2$bWaOLN 906 $aBOOK 912 $a996383998103316 996 $aThe life of B. Aloysius Gonzaga of the Society of Iesus$92305277 997 $aUNISA LEADER 01152pam a2200289 i 4500 001 991002681279707536 008 150218s1993 gw a b 001 0ager 020 $a9783540564539 035 $ab14215627-39ule_inst 040 $aDip. Studi Giuridici$bita 082 00$a621.39092 100 1 $aZuse, Konrad$053698 245 14$aThe computer, my life /$cKonrad Zuse ; with forewords by F.L. Bauer and H. Zemanek 250 $a20. ed. 260 $aBerlin ;$aNew York :$bSpringer-Verlag,$cc1993 300 $axiv, 245 p. :$bill. ;$c24 cm 500 $aTitolo originale : Der computer mein Lebenswerk / Zuse Konrad (Trad.) 504 $aIncludes bibliographical references (p. 231-233) and indexes. 600 10$aZuse, Konrad 650 4$aComputer$zGermania$xStoria 650 0$aElaboratori elettronici$zGermania$xStoria 907 $a.b14215627$b31-03-15$c18-02-15 912 $a991002681279707536 945 $aLE027 621.39 ZUS01.01$g1$i2027000330720$lle027$nProf. De Liso$op$pE75.66$q-$rl$s- $t0$u1$v6$w1$x0$y.i15664752$z31-03-15 996 $aComputer, my life$9257428 997 $aUNISALENTO 998 $ale027$b18-02-15$cm$da $e-$fger$ggw $h4$i0